[Event "Centrocoop op"]
[Site "?"]
[Date "2000.??.??"]
[Round "?"]
[White "Cornea Claudiu"]
[Black "Izraelyants Karen"]
[Result "1-0"]
[WhiteElo "1730"]
[BlackElo "2165"]
[PlyCount "67"]
[EventDate "2000.??.??"]
[Source "www.chesslib.no"]
[SourceDate "2004.05.04"]

1. d4 Nf6 2. c4 c5 3. d5 e6 4. Nc3 exd5 5. cxd5 d6 6. e4 g6 7. Bg5 Bg7 8. Nf3 O-O 9. Bd3 h6 10. Bh4 a6 11. a4 Nbd7 12. O-O Re8 13. Qc2 Qc7 14. Nd2 Rb8 15. f4 Ng4 16. Nc4 b5 17. axb5 axb5 18. Nxb5 Rxb5 19. Nxd6 Rxb2 20. Nxe8 Bd4+ 21. Kh1 Qb6 22. Qa4 Kf8 23. Qa8 Qb8 24. Qxb8 Rxb8 25. Nd6 Bxa1 26. Rxa1 Rb3 27. Be2 Nb6 28. Nxc8 Nxc8 29. Bxg4 Nd6 30. e5 Ne4 31. d6 f5 32. d7 Rd3 33. d8=Q+ Rxd8 34. Bxd8 1-0

[Event "Klatovy op-A"]
[Site "?"]
[Date "2000.??.??"]
[Round "?"]
[White "Snajdr Jiri"]
[Black "Kalista Karel"]
[Result "1-0"]
[WhiteElo "2015"]
[BlackElo "1860"]
[PlyCount "69"]
[EventDate "2000.??.??"]
[Source "www.chesslib.no"]
[SourceDate "2004.05.04"]

1. d4 Nf6 2. c4 c5 3. d5 e6 4. Nc3 exd5 5. cxd5 d6 6. e4 g6 7. Nf3 Bg7 8. Bg5 O-O 9. Nd2 a6 10. a4 Nbd7 11. f4 Qc7 12. Be2 Re8 13. O-O b6 14. e5 dxe5 15. Nc4 e4 16. f5 Rf8 17. Bf4 Qd8 18. Nd6 Ra7 19. fxg6 hxg6 20. Bg5 Qc7 21. Bf4 Qd8 22. Qc2 Qe7 23. Ndxe4 Nxe4 24. Nxe4 Re8 25. Bd3 Ne5 26. Bg5 Qf8 27. Nf6+ Bxf6 28. Rxf6 Nxd3 29. Qxd3 Re5 30. Qg3 Rxd5 31. Raf1 Rf5 32. R1xf5 Bxf5 33. Rxf5 f6 34. Bxf6 Rg7 35. Rf1 1-0

[Event "Buenos Aires ol women"]
[Site "Buenos Aires ARG"]
[Date "1978.??.??"]
[Round "2"]
[White "Nutu-Gajic, Dana"]
[Black "Depasquale, Cathy"]
[Result "1-0"]
[WhiteElo "2070"]
[BlackElo "1800"]
[PlyCount "61"]
[EventDate "1978.10.??"]
[Source "www.chesslib.no"]
[SourceDate "2004.05.04"]

1. d4 Nf6 2. c4 c5 3. d5 e6 4. Nc3 exd5 5. cxd5 d6 6. Nf3 g6 7. e4 Bg7 8. Bg5 h6 9. Bh4 g5 10. Bg3 Nh5 11. Bb5+ Kf8 12. e5 Nxg3 13. fxg3 dxe5 14. Qe2 a6 15. Bd3 e4 16. Bxe4 f5 17. O-O Bf6 18. Nd2 Kg7 19. Bxf5 Rf8 20. Bxc8 Qxc8 21. Nde4 Bd4+ 22. Kh1 Nd7 23. Nd6 Qd8 24. Nf5+ Kg6 25. Nxd4 cxd4 26. Qd3+ Kg7 27. Qxd4+ Nf6 28. d6 Qa5 29. Rae1 Rf7 30. Re7 Raf8 31. Qxf6+ 1-0

[Event "Murcia-ch 18th"]
[Site "?"]
[Date "2003.04.05"]
[Round "5"]
[White "Gil Lopez Pedro Diego"]
[Black "Garcia Mendoza Antonio"]
[Result "1-0"]
[WhiteElo "1825"]
[BlackElo "2006"]
[PlyCount "89"]
[EventDate "2003.??.??"]
[Source "www.chesslib.no"]
[SourceDate "2004.05.04"]

1. d4 c5 2. d5 e6 3. c4 exd5 4. cxd5 d6 5. Nc3 g6 6. e4 Bg7 7. Nf3 Nf6 8. Bg5 Qa5 9. Qd2 O-O 10. Bd3 Bg4 11. O-O Bxf3 12. gxf3 Nbd7 13. Bh6 Ne5 14. Be2 a6 15. Bxg7 Kxg7 16. f4 Ned7 17. Rfe1 b5 18. a3 Rfe8 19. Bf1 c4 20. Qd4 Qb6 21. Qxb6 Nxb6 22. Bg2 Nbd7 23. Bh3 Nc5 24. e5 dxe5 25. fxe5 Nh5 26. Bf1 Nf4 27. Rad1 Ra7 28. d6 Ncd3 29. Bxd3 Nxd3 30. Rxd3 cxd3 31. f4 Rd7 32. Kf2 Kf8 33. Nd5 Rc8 34. Nc3 f6 35. Ke3 fxe5 36. fxe5 Re8 37. Kd2 Kg7 38. Nd5 Rf8 39. Kxd3 Re8 40. Re3 Re6 41. Kd4 g5 42. Nc7 Rh6 43. h3 Rh4+ 44. Kd5 Rf4 45. Ne6+ 1-0

[Event "Ch Croatia (juniors) (under 17)"]
[Site "Bjelolasica (Croatia)"]
[Date "2007.08.02"]
[Round "6"]
[White "Greb Nikola"]
[Black "Runjic Bartul"]
[Result "0-1"]
[WhiteElo "1947"]
[BlackElo "1810"]
[PlyCount "58"]
[EventDate "2007.??.??"]
[Source "www.chesslib.no"]
[SourceDate "2004.05.04"]

1. d4 Nf6 2. c4 e6 3. Nc3 c5 4. d5 exd5 5. cxd5 d6 6. Bg5 g6 7. Nf3 Bg7 8. e4 Bg4 9. h3 Bxf3 10. Qxf3 O-O 11. Be2 Re8 12. O-O a6 13. a4 Nbd7 14. a5 b5 15. axb6 Qxb6 16. Rab1 Qb4 17. Qg3 Nxe4 18. Nxe4 Rxe4 19. Bf3 Be5 20. Bxe4 Bxg3 21. Rbe1 Be5 22. f4 Bd4+ 23. Kh1 f6 24. Bh6 Rb8 25. Bd3 Qxb2 26. Re7 Rd8 27. f5 Ne5 28. fxg6 Nxg6 29. Rg7+ Kh8 0-1